000 00729nam a2200229Ia 4500
003 OSt
005 20220923221000.0
006 a|||||r|||| 00| 0
007 ta
008 220922b |||||||| |||| 00| 0 hin d
024 _a193,276
037 _cTextual
040 _aARTS
_cARTS
_bhin
041 _2hin
_ahin
082 _aV2:23:N, 152J2
100 _aपैन्यूली, परिपूर्णानन्द
245 0 _aसंसद् और संसदीय प्रक्रिया
246 _aSansad aur sansadīya prakriyā
260 _c1952
942 _hV2:23:N, 152J2
_cTEXL
_2CC
999 _c345751
_d345751